| 000 | 00676 a2200181 4500 | ||
|---|---|---|---|
| 003 | Nust | ||
| 005 | 20170207153213.0 | ||
| 040 | _cNust | ||
| 082 | _a005.1 | ||
| 100 | _aIqbal, Saba (MSCS-10) | ||
| 245 |
_aObject recognition using pattern analysis _cSaba Iqbal |
||
| 260 |
_bMCS,NUST _c2009 _aRawalpindi |
||
| 300 | _a74, p.; | ||
| 505 | _aIntroduction to Thesis (page-1) Review of techniques devised for object Recognition (page-5) Object recognition (page-11) Pattern matching (page-22) Design and implementation (page-32) Results and analysis (page-35) Conclusion and future work (page-68) | ||
| 538 | _aAlmirah No 73 Shelf No 2 | ||
| 650 | _aPG Thesis | ||
| 651 | _aMSCS-10 | ||
| 942 | _cTHS | ||
| 999 |
_c181472 _d181472 |
||